[Event "European Rapid 2017"]
[Site "Katowice POL"]
[Date "2017.12.17"]
[Round "11.77"]
[White "Sieciechowicz, Marcin"]
[Black "Tomaszewski, Kacper"]
[Result "1-0"]
[WhiteTitle "IM"]
[WhiteElo "2387"]
[BlackElo "2292"]
[WhiteFideId "1130170"]
[BlackFideId "1127373"]
[EventDate "2017.12.16"]

1. d4 Nf6 2. c4 g6 3. Nc3 d5 4. cxd5 Nxd5 5. e4 Nxc3 6. bxc3 Bg7 7. Bc4 c5 8.
Ne2 Nc6 9. Be3 O-O 10. O-O e6 11. Rb1 cxd4 12. cxd4 Na5 13. Bd3 b6 14. Qd2 Bb7
15. Bg5 Qd7 16. Bb5 Qd6 17. e5 Qd5 18. Nf4 Qe4 19. f3 Qf5 20. h4 f6 21. Bd3 fxg5
22. Bxf5 Rxf5 23. Nxe6 Ba6 24. Rfc1 Bc4 25. Nxg7 Kxg7 26. Rb4 b5 27. Rxb5 Bxb5
28. Qxa5 a6 29. a4 Be8 30. Rc7+ Kh6 31. hxg5+ Rxg5 32. Qd2 Bxa4 33. e6 Rb8 34.
Rc5 Rb5 35. Qxg5+ 1-0

[Event "European Rapid 2017"]
[Site "Katowice POL"]
[Date "2017.12.17"]
[Round "11.78"]
[White "Lubczynski, Rafal"]
[Black "Orzechowski, Jacek"]
[Result "0-1"]
[WhiteTitle "IM"]
[WhiteElo "2429"]
[BlackElo "2117"]
[WhiteFideId "1126091"]
[BlackFideId "1101951"]
[EventDate "2017.12.16"]

1. Nf3 d5 2. c4 c6 3. b3 dxc4 4. bxc4 e5 5. Qc2 Bd6 6. Bb2 Qe7 7. g3 Nf6 8. Bg2
O-O 9. O-O Na6 10. Nc3 Nc5 11. Na4 Nxa4 12. Qxa4 Nd7 13. Qc2 Nc5 14. d4 exd4 15.
Nxd4 Re8 16. Rad1 Qc7 17. Rfe1 Bf8 18. e4 Bg4 19. f3 Bd7 20. f4 Rad8 21. h3 Bc8
22. e5 Qa5 23. Kh2 Na4 24. Nb3 Qc7 25. Bd4 c5 26. Ba1 Rxd1 27. Rxd1 Rd8 28. Bd5
Nb6 29. Qe4 Nxd5 30. cxd5 b5 31. f5 Bb7 32. f6 c4 33. Nc1 Qc5 34. e6 Rxd5 35.
exf7+ Kxf7 36. Rxd5 Qxd5 37. Qxd5+ Bxd5 38. fxg7 Bxg7 39. Bxg7 Kxg7 40. a3 a5
41. Na2 Kf6 42. g4 Ke5 43. Kg3 Kd4 44. Kf4 c3 45. Nc1 Bc4 46. g5 b4 47. axb4
axb4 48. h4 b3 0-1

[Event "European Rapid 2017"]
[Site "Katowice POL"]
[Date "2017.12.17"]
[Round "11.79"]
[White "Batashevs, Arsens"]
[Black "Krzyzanowski, Marcin"]
[Result "0-1"]
[BlackTitle "IM"]
[WhiteElo "2139"]
[BlackElo "2457"]
[WhiteFideId "11603593"]
[BlackFideId "1132199"]
[EventDate "2017.12.16"]

1. g3 g6 2. Bg2 Bg7 3. f4 d6 4. Nf3 c5 5. e4 Nc6 6. O-O Nf6 7. d3 h5 8. c3 Bd7
9. a4 Qc7 10. Na3 a6 11. Nc4 Be6 12. Ne3 O-O-O 13. Bd2 d5 14. e5 Nh7 15. b4 f6
16. b5 Nb8 17. bxa6 Nxa6 18. d4 fxe5 19. dxe5 g5 20. Qb1 gxf4 21. gxf4 Bh6 22.
f5 Bf7 23. Nxd5 Bxd5 24. Bxh6 Rhg8 25. Bf4 Qc6 26. Bg3 Ng5 27. Nxg5 Bxg2 28. Bf4
Bxf1 29. Qxf1 Nc7 30. h4 Nd5 31. Bg3 Ne3 32. Qf2 Ng4 33. Qe2 c4 34. a5 Rd3 35.
Bf2 Rxg5 36. hxg5 Rh3 37. Kf1 Nxf2 38. Qxf2 Rh1+ 39. Ke2 Qe4+ 40. Kd2 Qd3# 0-1

[Event "European Rapid 2017"]
[Site "Katowice POL"]
[Date "2017.12.17"]
[Round "11.80"]
[White "Lupik, Marina"]
[Black "Vykouk, Jan"]
[Result "0-1"]
[WhiteTitle "WIM"]
[BlackTitle "FM"]
[WhiteElo "2190"]
[BlackElo "2435"]
[WhiteFideId "4177495"]
[BlackFideId "349658"]
[EventDate "2017.12.16"]

1. e4 c5 2. c3 d5 3. exd5 Qxd5 4. d4 g6 5. Nf3 Bg7 6. Be2 cxd4 7. cxd4 Nh6 8.
O-O O-O 9. Nc3 Qd8 10. Bf4 Nf5 11. d5 Nd7 12. Nb5 a6 13. Bc7 Qe8 14. Nbd4 Nf6
15. Rc1 Qd7 16. Nxf5 Qxf5 17. d6 exd6 18. Qxd6 Ne8 19. Qb4 Nxc7 20. Rxc7 b5 21.
Rfc1 Be6 22. b3 Rfe8 23. Bf1 Rad8 24. Qc5 Bd5 25. Rd1 Bf8 26. Qc3 Bd6 27. Rxd5
Qxd5 28. Ra7 Qc5 29. Qxc5 Bxc5 30. Rxa6 Rd1 31. g3 Re2 32. Ra8+ Kg7 33. Rd8
Rxf1+ 34. Kxf1 Rxf2+ 35. Ke1 Rxf3 36. Rd5 Rf5 37. Rd7 b4 38. Rb7 h5 39. Ke2 Rf2+
40. Kd3 Rxa2 41. Rc7 Bf8 42. h3 Rg2 43. g4 hxg4 44. hxg4 Rxg4 45. Rd7 Rg3+ 46.
Kc4 Rc3+ 47. Kd4 Rxb3 48. Rc7 Rb1 49. Rc2 b3 50. Rg2 Be7 51. Kd3 Bf6 52. Rf2 b2
53. Kc2 Rc1+ 54. Kd3 b1=B+ 0-1

[Event "European Rapid 2017"]
[Site "Katowice POL"]
[Date "2017.12.17"]
[Round "11.81"]
[White "Colls Gelaberto, Emili"]
[Black "Saraci, Nderim"]
[Result "1/2-1/2"]
[WhiteTitle "CM"]
[BlackTitle "FM"]
[WhiteElo "2093"]
[BlackElo "2398"]
[WhiteFideId "2209950"]
[BlackFideId "6351921"]
[EventDate "2017.12.16"]

1. Nf3 g6 2. c4 Bg7 3. d4 Nf6 4. Nc3 d5 5. cxd5 Nxd5 6. e4 Nxc3 7. bxc3 c5 8.
Be3 O-O 9. Rc1 Qa5 10. Qd2 Bg4 11. Be2 Nd7 12. O-O Nf6 13. Qc2 Rac8 14. d5 Nd7
15. c4 Rc7 16. Bf4 Rcc8 17. h3 Bxf3 18. Bxf3 Be5 19. Bh6 Rfd8 20. Bg4 b5 21.
cxb5 Qxb5 22. Rb1 Qa6 23. Be3 h5 24. Be2 Qd6 25. Rb7 Rc7 26. Rfb1 Rdc8 27. Qa4
Bh2+ 28. Kf1 Bf4 29. Qa3 Bxe3 30. Qxe3 Nb6 31. Rxc7 Rxc7 32. g3 c4 33. Rc1 Qb4
34. Qc3 Qc5 35. Rc2 Qd6 36. Qd4 Qb4 37. Qc3 Qb1+ 38. Kg2 Na4 39. Qd2 c3 40. Qc1
Qb4 41. Qf4 Qd6 42. Qxd6 exd6 43. Kf3 Rb7 44. Bc4 Rb4 45. Bb3 Nc5 46. Rxc3 Nxe4
47. Rc7 Nd2+ 48. Ke2 Nxb3 49. axb3 Rxb3 50. Rd7 Rb6 51. Ke3 a6 52. Ra7 Rb3+ 53.
Ke4 Rb4+ 54. Ke3 Rb6 55. h4 Kg7 56. Ke4 Kf6 57. f4 Rb4+ 58. Ke3 Rb3+ 59. Ke4 Rb6
60. Ke3 Rb3+ 61. Ke4 Rb4+ 62. Ke3 Rb3+ 63. Ke4 Rb4+ 64. Ke3 Rb6 65. Ke4 Kg7 66.
Ke3 Kf8 67. f5 Kg7 68. fxg6 Kxg6 69. Ke4 Kf6 70. Kf4 Kg6 71. Ke4 f6 72. Kf4 Rb4+
73. Kf3 Rb6 74. Kf4 Rb5 75. Ke4 f5+ 76. Kd4 Rb4+ 77. Ke3 Re4+ 78. Kf3 Re5 79.
Rxa6 Rxd5 80. Ra8 Rd3+ 81. Kf4 Rd4+ 82. Kf3 Re4 83. Rg8+ Kf6 84. Rh8 d5 85. Rxh5
Re8 86. Kf4 Re4+ 87. Kf3 Re8 88. Kf4 Re4+ 89. Kf3 Re8 1/2-1/2

[Event "European Rapid 2017"]
[Site "Katowice POL"]
[Date "2017.12.17"]
[Round "11.82"]
[White "Lewtak, Damian"]
[Black "Bekasovs, Rihards"]
[Result "1/2-1/2"]
[WhiteElo "2358"]
[BlackElo "2009"]
[WhiteFideId "1141724"]
[BlackFideId "11606029"]
[EventDate "2017.12.16"]

1. e4 e6 2. d3 d5 3. Nd2 Nf6 4. g3 dxe4 5. dxe4 Nc6 6. Bg2 e5 7. Ngf3 Bc5 8. O-O
O-O 9. h3 Qe7 10. Qe2 a5 11. Nb3 Bd6 12. Bg5 b6 13. Rfd1 h6 14. Bxf6 Qxf6 15. c3
Ba6 16. Qe1 a4 17. Nbd2 Bc5 18. Nf1 Rfd8 19. Ne3 Bxe3 20. Qxe3 Rxd1+ 21. Rxd1
Rd8 22. Rd2 Rd6 23. a3 Na5 24. Rd5 Rxd5 25. exd5 Nc4 26. Qe2 Bb5 27. Nd2 Nd6 28.
Qe1 Qf5 29. Ne4 Nxe4 30. Qxe4 Qxe4 31. Bxe4 Kf8 32. f4 exf4 33. gxf4 Ke7 34. Kf2
g5 35. Ke3 Kd6 36. fxg5 hxg5 37. Kd4 Bd7 38. Bg2 b5 39. Bf1 c6 40. dxc6 Bxc6 41.
c4 bxc4 42. Bxc4 f5 43. Bd3 Bd7 44. Bc2 g4 45. hxg4 fxg4 46. Ke4 Kc5 47. Kf4 Kd4
48. Bxa4 1/2-1/2

[Event "European Rapid 2017"]
[Site "Katowice POL"]
[Date "2017.12.17"]
[Round "11.84"]
[White "Kruszynski, Wlodzimierz"]
[Black "Schulz, Karsten"]
[Result "0-1"]
[WhiteTitle "IM"]
[BlackTitle "FM"]
[WhiteElo "2313"]
[BlackElo "2293"]
[WhiteFideId "1100670"]
[BlackFideId "4611446"]
[EventDate "2017.12.16"]

1. e4 d6 2. d4 Nf6 3. Nc3 e5 4. Nf3 exd4 5. Nxd4 Be7 6. Be2 O-O 7. O-O Re8 8.
Bf3 c6 9. Re1 Bf8 10. Bg5 Nbd7 11. g3 h6 12. Bf4 Ne5 13. Bg2 Qb6 14. b3 Bg4 15.
Qd2 c5 16. Nf5 Rad8 17. Nd5 Nxd5 18. Qxd5 Ng6 19. Be3 Re5 20. Qd2 d5 21. Nxh6+
gxh6 22. exd5 Rde8 23. h3 Bd7 24. Rf1 h5 25. c4 Qf6 26. Rae1 Rc8 27. Qd1 h4 28.
f4 Ree8 29. f5 Ne5 30. g4 Bh6 31. Qd2 Bxe3+ 32. Rxe3 Qg7 33. f6 Qg5 34. Qf2 Ng6
35. Rxe8+ Bxe8 36. Qe2 Bd7 37. d6 Re8 38. Qf2 b6 39. Bd5 Re3 40. Bg2 Qe5 41. Qd2
Nf4 42. Rf3 Rxf3 43. Bxf3 Nxh3+ 44. Kg2 Ng5 0-1

[Event "European Rapid 2017"]
[Site "Katowice POL"]
[Date "2017.12.17"]
[Round "11.85"]
[White "Ovod, Evgenija"]
[Black "Costachi, Mihnea"]
[Result "0-1"]
[WhiteTitle "IM"]
[BlackTitle "IM"]
[WhiteElo "2364"]
[BlackElo "2441"]
[WhiteFideId "4131827"]
[BlackFideId "1217518"]
[EventDate "2017.12.16"]

1. d4 Nf6 2. Bg5 Ne4 3. Bf4 c5 4. f3 Nf6 5. dxc5 b6 6. e4 bxc5 7. e5 Qc7 8. Nc3
Nh5 9. Nd5 Qb7 10. Bc1 e6 11. Nc3 f5 12. f4 g6 13. Be2 Ng7 14. Bf3 Nc6 15. Nge2
Be7 16. O-O O-O 17. b3 Rd8 18. Be3 d5 19. exd6 Bxd6 20. Qe1 Qa6 21. a4 Bb7 22.
Nb5 Nb4 23. Bxb7 Qxb7 24. Nxd6 Rxd6 25. Bxc5 Nxc2 26. Qc3 Nxa1 27. Bxd6 Nxb3 28.
Be5 Rc8 29. Qb2 Ne8 30. Nd4 Nc5 31. Qxb7 Nxb7 32. Nxe6 Kf7 33. Ng5+ Ke7 34. Nxh7
Rc4 35. Rb1 Ned6 36. Nf6 Rxa4 37. Nd5+ Kd7 38. Rc1 Nc4 39. Nc3 Ra6 40. Nb5 Nbd6
41. Bxd6 Nxd6 42. Rc7+ Kd8 43. Rc5 Ra1+ 0-1

[Event "European Rapid 2017"]
[Site "Katowice POL"]
[Date "2017.12.17"]
[Round "11.86"]
[White "Molenda, Marcin"]
[Black "Dragnev, Valentin"]
[Result "1/2-1/2"]
[WhiteTitle "FM"]
[BlackTitle "IM"]
[WhiteElo "2388"]
[BlackElo "2458"]
[WhiteFideId "1173065"]
[BlackFideId "1634852"]
[EventDate "2017.12.16"]

1. d4 Nf6 2. c4 c5 3. Nf3 cxd4 4. Nxd4 g6 5. Nc3 Bg7 6. e4 d6 7. f3 Nc6 8. Be3
O-O 9. b3 Bd7 10. Qd2 Nxd4 11. Bxd4 Bc6 12. Be2 a5 13. O-O Nd7 14. Be3 Nc5 15.
Rac1 e6 16. Rfd1 Be5 17. Bf1 Qe7 18. Qf2 f5 19. exf5 Rxf5 20. Bd4 Raf8 21. Bxe5
dxe5 22. Qe3 b6 23. Be2 Rh5 24. Rc2 Qh4 25. h3 Qg3 26. Qf2 Qxf2+ 27. Kxf2 e4 28.
Rd6 exf3 29. Rxc6 fxe2+ 30. Kxe2 Re5+ 31. Kd1 Rf1+ 32. Kd2 Rf2+ 33. Kd1 Rf1+ 34.
Kd2 Rg1 35. Rxb6 Rxg2+ 36. Kd1 Rg1+ 37. Kd2 Reg5 38. Ne2 R1g2 39. Kc3 Ne4+ 40.
Kb2 e5 41. Rb7 Rh2 42. Rb8+ Kf7 43. Nc3 Rxc2+ 44. Kxc2 Rg2+ 45. Kd3 Nc5+ 46. Ke3
Rg3+ 47. Kd2 Rd3+ 48. Kc2 Rxh3 49. Rb5 Rh2+ 50. Kd1 Nd3 51. c5 Nb2+ 52. Kc1 Nd3+
53. Kd1 Nb4 54. a3 Nc6 55. Rb6 Nd4 56. Ne4 Ke7 57. b4 axb4 58. axb4 Rb2 59. c6
Kd8 60. Nf6 Rb1+ 61. Kd2 Nxc6 62. Rxc6 Rxb4 63. Nxh7 Rb7 64. Ng5 Re7 65. Rxg6
Kd7 66. Ke3 e4 67. Nxe4 Re6 68. Rg5 Rb6 69. Rg7+ Kc6 70. Kf4 Rb5 71. Rg6+ Kc7
72. Nc3 Rc5 73. Ne4 Ra5 74. Ke3 Ra4 75. Kd3 Rb4 76. Nd2 Rh4 77. Ne4 Rh1 78. Kc4
Rc1+ 79. Nc3 Rc2 80. Kd4 Kb7 81. Nd5 Rd2+ 82. Kc5 Rc2+ 83. Kb5 Rb2+ 84. Nb4 Kc7
85. Kc5 Kd7 86. Nd3 Rd2 87. Ne5+ Ke7 88. Nc4 Rd1 1/2-1/2

[Event "European Rapid 2017"]
[Site "Katowice POL"]
[Date "2017.12.17"]
[Round "11.87"]
[White "Tomczak, Mikolaj"]
[Black "Caprino, Marco"]
[Result "1-0"]
[WhiteTitle "FM"]
[WhiteElo "2372"]
[BlackElo "2154"]
[WhiteFideId "1175114"]
[BlackFideId "841323"]
[EventDate "2017.12.16"]

1. d4 g6 2. c4 Bg7 3. Nc3 c5 4. d5 Bxc3+ 5. bxc3 f5 6. g4 fxg4 7. h3 g3 8. fxg3
Nf6 9. Bg2 d6 10. Nf3 Qa5 11. Qb3 Nbd7 12. O-O Nb6 13. Ng5 Qa6 14. Ne6 Bxe6 15.
dxe6 Rb8 16. Qb5+ Qxb5 17. cxb5 Kd8 18. a4 Nbd5 19. c4 Nc7 20. Bb2 Nxe6 21. Bxb7
Rxb7 22. Rxf6 exf6 23. Bxf6+ Re7 24. Bxh8 Kc7 25. Rd1 Ng5 26. Bf6 Nxh3+ 27. Kg2
Rxe2+ 28. Kxh3 Rc2 29. Be7 Rxc4 30. a5 Rb4 31. Bxd6+ Kb7 32. Bxc5 Rxb5 33. a6+
Kxa6 34. Ra1+ Kb7 35. Rxa7+ Kc6 36. Bf2 Rh5+ 37. Kg2 Kd6 38. Be3 Ke6 39. g4 Rh4
40. g5 Kf5 41. Ra1 Re4 42. Kf3 Rh4 43. Rf1 Ke6 44. Kg3 Rc4 45. Rf6+ Ke7 46. Ra6
Kf7 47. Ra7+ Kg8 48. Kf3 Rh4 49. Bf4 Kf8 50. Bd6+ Kg8 51. Ra8+ Kf7 52. Bf8 Ke6
53. Bh6 Kf5 54. Rf8+ Ke6 55. Rh8 Kf5 56. Rxh7 Rh3+ 57. Kg2 Rb3 58. Rd7 Kg4 59.
Rd4+ Kf5 60. Rd6 Rb2+ 61. Kf3 Rb3+ 62. Ke2 Kg4 63. Rxg6 Kh5 64. Rd6 Ra3 65. Rd5
Ra8 66. Bg7 Kg6 67. Bd4 Ra3 68. Be3 Ra4 69. Kf3 Rc4 70. Bf4 Rc2 71. Kg4 Rg2+ 72.
Bg3 Kf7 73. Rd6 Kg7 74. Kh4 Rg1 75. Be5+ Kf7 76. Bg3 Kg7 77. Ra6 Kf7 78. Kg4 Kg7
79. Ra1 Rg2 80. Kf3 Rc2 81. Ra6 Rc4 82. Be5+ Kf7 83. g6+ Kg8 84. Ra8+ 1-0

[Event "European Rapid 2017"]
[Site "Katowice POL"]
[Date "2017.12.17"]
[Round "11.88"]
[White "Sliwicki, Damian"]
[Black "Przybylski, Wojciech"]
[Result "0-1"]
[BlackTitle "FM"]
[WhiteElo "2148"]
[BlackElo "2320"]
[WhiteFideId "1127128"]
[BlackFideId "1117599"]
[EventDate "2017.12.16"]

1. e4 e5 2. Nf3 Nf6 3. Nc3 Nc6 4. d4 exd4 5. Nxd4 Bb4 6. Nxc6 bxc6 7. Bd3 d5 8.
exd5 O-O 9. O-O cxd5 10. Bg5 c6 11. Qf3 Bd6 12. Bxf6 Qxf6 13. Qxf6 gxf6 14. Ne2
c5 15. b3 Be6 16. Rad1 f5 17. Bxf5 Bxf5 18. Rxd5 Rfe8 19. Re1 Be5 20. f4 Bc3 21.
Rc1 Rxe2 22. Rxf5 Rd8 23. Kh1 Rxc2 24. Rf1 Rf2 25. Rc1 Bd4 26. h4 f6 27. Rd1 Rb8
28. g4 Rxa2 29. Rd3 Re8 0-1

[Event "European Rapid 2017"]
[Site "Katowice POL"]
[Date "2017.12.17"]
[Round "11.89"]
[White "Obrusnik, Michal"]
[Black "Ondrus, Martin"]
[Result "0-1"]
[WhiteTitle "FM"]
[WhiteElo "2268"]
[BlackElo "2261"]
[WhiteFideId "1136674"]
[BlackFideId "14913330"]
[EventDate "2017.12.16"]

1. e4 c5 2. c3 Nf6 3. e5 Nd5 4. d4 Nc6 5. Nf3 cxd4 6. cxd4 d6 7. Bc4 Nb6 8. Bb5
d5 9. Nh4 a6 10. Be2 e6 11. Nf3 Be7 12. O-O O-O 13. Nc3 f5 14. exf6 Bxf6 15. Re1
Qd6 16. a4 Bd7 17. b3 Nxd4 18. Nxd4 Qb4 19. Ba3 Qxc3 20. Bxf8 Rxf8 21. Nc2 Qc5
22. b4 Qd6 23. Ra3 Nxa4 24. Bf3 Nb2 25. Qe2 e5 26. Ne3 e4 27. Bg4 Bb5 28. Qd2
Nd3 29. Rb1 Bg5 30. Rf1 d4 31. Qa2+ Kh8 32. Qd5 Qf6 33. Nf5 e3 34. Nxd4 Nxf2 35.
Be2 Rd8 36. Qf3 Qxd4 37. Rd1 Qxd1+ 38. Bxd1 Rxd1+ 0-1

[Event "European Rapid 2017"]
[Site "Katowice POL"]
[Date "2017.12.17"]
[Round "11.90"]
[White "Dorokhin, Mykhailo"]
[Black "Boe, Mads"]
[Result "1-0"]
[BlackTitle "FM"]
[WhiteElo "2243"]
[BlackElo "2292"]
[WhiteFideId "14114178"]
[BlackFideId "1401408"]
[EventDate "2017.12.16"]

1. e4 c6 2. d4 d5 3. e5 Bf5 4. Nc3 e6 5. g4 Bg6 6. Nge2 h6 7. Bg2 c5 8. Be3 cxd4
9. Nxd4 h5 10. f4 hxg4 11. f5 exf5 12. Nxd5 Ne7 13. c4 Nec6 14. Qa4 Nd7 15. Nxc6
bxc6 16. Nf4 Qc7 17. Bxc6 Rc8 18. Bb5 a6 19. Nd5 Qd8 20. Qxa6 Bb4+ 21. Nxb4 O-O
22. O-O-O Qe7 23. Nd5 Qxe5 24. Bf4 Qe4 25. Rhe1 Qf3 26. Re3 Qf2 27. Bg3 Qg2 28.
Nf4 1-0

[Event "European Rapid 2017"]
[Site "Katowice POL"]
[Date "2017.12.17"]
[Round "11.91"]
[White "Kubica, Kamil"]
[Black "Reichmann, Hendrik"]
[Result "0-1"]
[BlackTitle "FM"]
[WhiteElo "2166"]
[BlackElo "2337"]
[WhiteFideId "1146360"]
[BlackFideId "4647823"]
[EventDate "2017.12.16"]

1. d4 g6 2. e4 Bg7 3. f4 d5 4. e5 Nh6 5. Nf3 Bg4 6. Be2 Nf5 7. O-O e6 8. c3 Nd7
9. Na3 c5 10. dxc5 Nxc5 11. b4 Ne4 12. Qa4+ Kf8 13. Bb2 Qb6+ 14. Kh1 Nf2+ 15.
Rxf2 Qxf2 16. Qb5 Bxf3 17. gxf3 b6 18. Qc6 Rd8 19. Qc7 Qh4 20. Rg1 Bh6 21. Rg4
Qe7 22. Qxe7+ Kxe7 23. Nb5 Rd7 24. a4 Rc8 25. Kg1 Bg7 26. Kf2 f6 27. c4 dxc4 28.
Bc3 Kf7 29. Na3 h5 30. Rg1 fxe5 31. fxe5 Bh6 32. Rb1 Be3+ 33. Ke1 Bd4 34. Rc1
Be3 35. Rb1 Nd4 36. Bxd4 Rxd4 37. Nc2 Bd2+ 38. Kf2 Rd5 39. Rd1 Bf4 40. Rb1 Bxe5
41. Ke3 g5 42. a5 b5 43. Rg1 Bxh2 44. Rh1 Bf4+ 45. Kf2 h4 46. Ne1 Bg3+ 47. Ke3
Re5+ 48. Kd4 Rxe2 0-1

[Event "European Rapid 2017"]
[Site "Katowice POL"]
[Date "2017.12.17"]
[Round "11.92"]
[White "Putka, Verners"]
[Black "Smieszek, Wojciech"]
[Result "1-0"]
[WhiteElo "2307"]
[BlackElo "2185"]
[WhiteFideId "11600659"]
[BlackFideId "1156047"]
[EventDate "2017.12.16"]

1. d4 Nf6 2. Nf3 c5 3. d5 e6 4. Nc3 b5 5. Nxb5 Nxd5 6. c4 Nb6 7. Bf4 Na6 8. e3
Be7 9. Nd6+ Bxd6 10. Bxd6 Bb7 11. Be2 Rc8 12. O-O f6 13. Rc1 Rc6 14. a3 Nc8 15.
Bg3 O-O 16. Qd2 d5 17. Rfd1 Ne7 18. b4 cxb4 19. axb4 Rb6 20. c5 Rc6 21. b5 1-0

[Event "European Rapid 2017"]
[Site "Katowice POL"]
[Date "2017.12.17"]
[Round "11.94"]
[White "Kyc, Jerzy"]
[Black "Tuomainen, Felix"]
[Result "1/2-1/2"]
[BlackTitle "FM"]
[WhiteElo "2265"]
[BlackElo "2174"]
[WhiteFideId "1163922"]
[BlackFideId "1720813"]
[EventDate "2017.12.16"]

1. e4 e6 2. d4 d5 3. Nd2 c5 4. Ngf3 Nc6 5. dxc5 Bxc5 6. Bd3 Nb4 7. Bb5+ Bd7 8.
Bxd7+ Qxd7 9. a3 Nc6 10. O-O Nge7 11. b4 Bb6 12. c4 a5 13. c5 Bc7 14. b5 Ne5 15.
a4 O-O 16. Ba3 Rfd8 17. Qb3 dxe4 18. Nxe4 Qd5 19. Qxd5 Nxf3+ 20. gxf3 Nxd5 21.
Rac1 Nf4 22. Rcd1 Ne2+ 23. Kh1 Nd4 24. Rd3 Nc2 25. Rc3 Nxa3 26. Rxa3 h6 27. c6
bxc6 28. Rc1 Be5 29. Rxc6 Rdc8 30. Rxc8+ Rxc8 31. Rd3 f5 32. Nd2 Kf7 33. Rd7+
Kf6 34. Ra7 Rc2 35. Nb3 Rxf2 36. Nxa5 Rxh2+ 37. Kg1 Ra2 38. Nc6 Bf4 39. Ra8 h5
40. a5 h4 41. Rf8+ Kg6 42. Rh8 Bg3 43. a6 Ra1+ 44. Kg2 Ra2+ 45. Kf1 Rf2+ 46. Ke1
Rb2+ 47. Kd1 Bf2 48. Ne5+ Kg5 49. f4+ Kf6 50. Nd3 Rxb5 51. Nxf2 Ra5 52. Rf8+ Kg6
53. Ra8 e5 54. fxe5 Rxe5 55. Rd8 Ra5 56. Rd6+ Kg5 57. Ke2 Kf4 58. Rg6 Ra2+ 59.
Ke1 Ra1+ 60. Ke2 Ra2+ 61. Ke1 Kf3 62. Nh3 f4 63. Kd1 Ke3 64. Re6+ Kf3 65. Rg6
Ke3 66. Kc1 f3 67. Re6+ Kd4 68. Kb1 f2 69. Nxf2 Rxf2 70. a7 Rf8 71. Rg6 h3 72.
Rxg7 Rh8 73. Rh7 Ra8 74. Rxh3 1/2-1/2

[Event "European Rapid 2017"]
[Site "Katowice POL"]
[Date "2017.12.17"]
[Round "11.95"]
[White "Weber, Robert"]
[Black "Leniart, Arkadiusz"]
[Result "1/2-1/2"]
[BlackTitle "IM"]
[WhiteElo "2125"]
[BlackElo "2502"]
[WhiteFideId "1124331"]
[BlackFideId "1124226"]
[EventDate "2017.12.16"]

1. d4 Nf6 2. Nf3 d5 3. Bg5 g6 4. e3 Bg7 5. c4 O-O 6. Nc3 c6 7. h3 Ne4 8. Bf4 Qa5
9. Qb3 Nd7 10. cxd5 Ndc5 11. Qc2 cxd5 12. Be2 Bf5 13. g4 Nxc3 14. Qxc3 Nd3+ 15.
Kd2 Qxc3+ 16. bxc3 Nxf4 17. exf4 Be6 18. Rab1 b6 19. Bd3 Bh6 20. g5 Bg7 21. Rhe1
Rfc8 22. h4 Rc7 23. Ne5 Bc8 24. f3 f6 25. Ng4 Kf7 26. Ne3 Bb7 27. h5 Rd8 28. Rg1
f5 29. h6 Bf8 30. a4 e6 31. Rb3 Bd6 32. Ng2 Rdc8 33. Rgb1 Bc6 34. Ra1 Rb8 35.
Bb5 Ke7 36. Kd3 Bb7 37. Kd2 Bc8 38. Bd3 Bd7 39. Bb5 Bc8 40. Bd3 Bd7 1/2-1/2

[Event "European Rapid 2017"]
[Site "Katowice POL"]
[Date "2017.12.17"]
[Round "11.96"]
[White "Lindam, Ingo"]
[Black "Gazik, Igor"]
[Result "0-1"]
[BlackTitle "IM"]
[WhiteElo "2112"]
[BlackElo "2257"]
[WhiteFideId "24699756"]
[BlackFideId "14900149"]
[EventDate "2017.12.16"]

1. d4 g6 2. Nf3 Bg7 3. g3 f5 4. Bg2 Nf6 5. c4 O-O 6. O-O d6 7. Nc3 c6 8. b4 Nbd7
9. Bb2 Nb6 10. Nd2 Be6 11. c5 Nbd5 12. Nxd5 Bxd5 13. f3 Qd7 14. e4 fxe4 15. fxe4
Be6 16. Qe2 Bh3 17. Nf3 Bxg2 18. Kxg2 Qg4 19. Rae1 a5 20. a3 axb4 21. axb4 d5
22. e5 Ne4 23. Ng1 Qxe2+ 24. Rxe2 Bh6 25. Rxf8+ Kxf8 26. Nf3 Ra4 27. b5 cxb5 28.
e6 b4 29. Ne5 b3 30. Nd7+ Ke8 31. Nb6 Ra2 32. Nxd5 Bc1 33. Rxe4 Rxb2+ 34. Kf3
Rc2 35. Re2 b2 0-1

[Event "European Rapid 2017"]
[Site "Katowice POL"]
[Date "2017.12.17"]
[Round "11.97"]
[White "Marczuk, Dominik"]
[Black "Terletsky, Oleg"]
[Result "0-1"]
[BlackTitle "FM"]
[WhiteElo "2278"]
[BlackElo "2384"]
[WhiteFideId "1111264"]
[BlackFideId "14116774"]
[EventDate "2017.12.16"]

1. e4 e5 2. Nf3 Nc6 3. Bc4 Nf6 4. d3 Be7 5. O-O O-O 6. Bb3 d6 7. c3 Na5 8. Bc2
c5 9. Nbd2 Nc6 10. Re1 Re8 11. a3 Bf8 12. b4 b6 13. Nf1 Ne7 14. d4 Qc7 15. Bg5
Nd7 16. Bb3 h6 17. Be3 Nf6 18. Ng3 Bb7 19. d5 Ng6 20. Qd2 Bc8 21. h3 Bd7 22. a4
a5 23. b5 Kh7 24. Bc2 Ne7 25. Qe2 g6 26. Nd2 Bg7 27. Nc4 Rad8 28. Kh2 Bc8 29.
Rf1 Nfxd5 30. exd5 Nxd5 31. Qd2 Be6 32. Nh5 Nxe3 33. Nxe3 d5 34. Nxg7 Kxg7 35.
Ng4 g5 36. Kg1 f5 37. Ne3 e4 38. Rac1 Qe5 39. c4 d4 40. Nd5 Bxd5 41. cxd5 c4 42.
Rfd1 c3 43. Qe2 Rxd5 44. Bb3 Rc5 45. Qh5 Re7 46. Kh1 d3 47. Rf1 f4 48. Qg4 c2
49. h4 Qf5 50. Qxf5 Rxf5 51. Bxc2 dxc2 52. Rxc2 gxh4 53. Re1 e3 54. fxe3 fxe3
55. Rce2 Rfe5 56. Rc1 R7e6 57. Rc7+ Kf6 58. Kh2 Re4 59. Rc6 Kf5 60. Rc8 Rxa4 61.
Kh3 Rb4 62. Rf8+ Ke4 63. Rf3 Kd3 64. Ra2 Rxb5 65. Ra3+ Kd4 66. Ra4+ Rb4 67. Ra1
e2 68. Re1 Re3 0-1

[Event "European Rapid 2017"]
[Site "Katowice POL"]
[Date "2017.12.17"]
[Round "11.98"]
[White "Olkhovskiy, Alexander"]
[Black "Walach, Marcin"]
[Result "1-0"]
[BlackTitle "FM"]
[WhiteElo "2145"]
[BlackElo "2319"]
[WhiteFideId "34188611"]
[BlackFideId "1107682"]
[EventDate "2017.12.16"]

1. e4 e5 2. Nf3 Nc6 3. Bc4 Nf6 4. d3 Bc5 5. c3 a6 6. O-O d6 7. Bb3 Ba7 8. h3 h6
9. Be3 Qe7 10. Nbd2 g5 11. Bxa7 Nxa7 12. Nh2 Nc6 13. Nc4 Bd7 14. Ne3 h5 15. Bd5
Nd8 16. b4 c6 17. Bb3 Be6 18. Re1 g4 19. h4 g3 20. fxg3 Rg8 21. Nhf1 Bg4 22. Qc2
Ne6 23. a4 a5 24. bxa5 Rxa5 25. Nf5 Bxf5 26. exf5 Nc5 27. d4 Nxb3 28. Qxb3 e4
29. Rab1 Ra7 30. Qb6 Rxa4 31. Qxb7 Qxb7 32. Rxb7 Rc4 33. Ra1 Kf8 34. Raa7 Nd5
35. Rxf7+ Ke8 36. Rfb7 1-0